Pays par indices - Statistiques

Statistiques générales
  • Ce quiz a été pris 436 fois
  • Le résultat moyen est 17 sur 20
Statistiques - réponses
Continent Ville Personnalité connue Couleur présente sur le drapeau Indice supplémentaire Pays % Correct
Europe Norrköping Zlatan Ibrahimović Bleu IKEA Suède
99%
Amérique du Sud Medellín Shakira Jaune Café Colombie
93%
Asie Busan Son Heung-min Blanc K-pop Corée du Sud
90%
Amérique du Nord Guantánamo Fidel Castro Bleu Mojito Cuba
90%
Europe Pérouse Galilée Vert Lasagnes Italie
90%
Amérique du Nord Kingston Usain Bolt Jaune Rasta Jamaïque
90%
Amérique du Nord Monterrey Frida Kahlo Vert Chichén Itzá Mexique
90%
Europe Szczecin Marie Curie Rouge Złoty Pologne
90%
Afrique Bloemfontein Elon Musk Noir Apartheid Afrique du Sud
89%
Afrique Constantine Riyad Mahrez Vert Kabylie Algérie
89%
Amérique du Sud Córdoba Che Guevara Bleu Tango Argentine
89%
Asie Jakarta Soekarno Rouge Orang-outan Indonésie
87%
Asie Beyrouth Mika Blanc Cèdre Liban
86%
Asie Djeddah Mohammed ben Salmane Vert Pétrole Arabie saoudite
85%
Europe Ljubljana Tadej Pogačar Bleu Près de Trieste Slovénie
83%
Europe Hafnarfjörður Björk Bleu Geysers Islande
81%
Europe Debrecen Viktor Orbán Vert Goulasch Hongrie
78%
Afrique Antananarivo Ranavalona Ire Rouge Lémuriens Madagascar
78%
Océanie Suva Craig Parker Bleu Rugby Fidji
73%
Afrique Douala Francis Ngannou Jaune Paul Biya Cameroun
72%
Aucun quiz correspondant
Distribution des résultats
% des personnes avec chaque résultat
Percentile par nombre de réponses
Votre historique - résultats
Vous n’avez pas pris ce quiz